LEADER 01191nam0-22003011i-450- 001 990001740210403321 005 20071108141801.0 035 $a000174021 035 $aFED01000174021 035 $a(Aleph)000174021FED01 035 $a000174021 100 $a20030910d1988----km-y0itay50------ba 101 0 $aita 200 1 $aInfluenza dell' età della pianta sulla valutazione del guadagno genotipico per alcuni caratteri di qualita del legno inPopulus X euramericana$fGiuseppe Ferrari. 210 $aRoma$cSocietà Agricola e Forestale$d1988 215 $ap. 7-14$d27 cm 225 1 $aQuaderni di ricerca$fCentro di sperimentazione agricola e forestale, Istituto di sperimentazione per la pioppicoltura$v22 610 0 $aSelvicoltura 676 $a634.95 700 1$aFerrari,$bGiuseppe$c$01061 801 0$aIT$bUNINA$gRICA$2UNIMARC 901 $aBK 912 $a990001740210403321 952 $a60 634.95 B 33/22A$b2689$fFAGBC 952 $a60 634.95 B 33/22$b2282$fFAGBC 959 $aFAGBC 996 $aInfluenza dell' età della pianta sulla valutazione del guadagno genotipico per alcuni caratteri di qualita del legno inPopulus X euramericana$9364577 997 $aUNINA LEADER 01217nam 2200409 450 001 9910578578903321 005 20221004213128.0 010 $a88-229-1170-9 035 $a(CKB)4100000011677494 035 $a(NjHacI)994100000011677494 035 $a(EXLCZ)994100000011677494 100 $a20221004d2020 uy 0 101 0 $aita 135 $aur||||||||||| 181 $ctxt$2rdacontent 182 $cc$2rdamedia 183 $acr$2rdacarrier 200 10$a#CURACITTA? NAPOLI $eSalubrita? e natura nella citta? collinare /$fPasquale Miano, Adriana Bernieri 205 $aFirst edition. 210 4$d©2020 210 1$a[Place of publication not identified] :$cQuodlibet,$d2020. 215 $a1 online resource (312 pages) 311 $a88-229-0554-7 320 $aIncludes bibliographical references and index. 517 $a#CURACITTÀ NAPOLI 517 $a#CURACITTÀ NAPOLI 606 $aUrban health 615 0$aUrban health. 676 $a307.120945 700 $aMiano$b Pasquale$010026 702 $aBernieri$b Adriana 801 0$bNjHacI 801 1$bNjHacl 906 $aBOOK 912 $a9910578578903321 996 $aCURACITTA? NAPOLI$92937795 997 $aUNINA